|
|
|
|
| LEADER |
00581nam a22001337a 4500 |
| 020 |
|
|
|a 0198066929
|
| 100 |
|
|
|a Bhagavan, Manu
|
| 245 |
|
|
|a Heterotopias:nationalism and the possibility of history in south asia
|
| 260 |
|
|
|a Newdelhi
|b OUP
|c 2010
|
| 300 |
|
|
|a 203P
|
| 942 |
|
|
|c BK
|
| 999 |
|
|
|c 288077
|d 288077
|
| 952 |
|
|
|0 0
|1 0
|4 0
|6 954_035000000000000_BHA_H
|7 0
|9 327267
|a HIS
|b HIS
|c ST1
|d 2011-12-08
|i 23622
|l 0
|o 954.035 BHA/H
|p HIS23622
|r 2018-08-23
|w 2018-08-23
|y BK
|
| 952 |
|
|
|0 0
|1 0
|4 0
|6 954_035000000000000_BHA_H
|7 0
|9 327268
|a HIS
|b HIS
|c ST1
|d 2011-12-16
|i 23871
|l 0
|o 954.035 BHA/H
|p HIS23871
|r 2018-08-23
|w 2018-08-23
|y BK
|